000 01125cab a2200241 4500
001 WB3001-35
008 090401t1993 xxu||||| |||| 00| 0 eng d
035 _a(Sirsi) u42084
041 _aeng
245 _aTime runs from arbitrator`s appointment
260 _c1993
350 _a0
490 _aTimes
_v30 December 1993, 34(1)
520 _a"Hannaford v Smallacombe" CA 16 December 1993, held that the 35-day time limit in which parties to an arbitration under the Agricultural Holdings Act 1986 must file statements of case ran from the time when the arbitrator received notice of appointment not when the parties received the arbitrator`s acknowledgement of appointment. CA allowed appeal by landlord.
650 _aPROPERTY-LANDLORD AND TENANT-TENANCIES-AGRICULTURAL TENANCIES
650 _aAGRICULTUTAL HOLDINGS ACT 1986
650 _aTERMINATION OF TENANCY
650 _aTIME LIMITS
690 _aMANAGEMENT-DISPUTE AVOIDANCE, MANAGEMENT AND RESOLUTION-DISPUTE MANAGEMENT AND RESOLUTION-ARBITRATION
690 _aLANDLORD AND TENANT-CASE LAW-AGRICULTURAL TENANCIES
942 _n0
948 _c04/03/1997
999 _c27033
_d27033